Statistiques concernant Les joueurs de la finale de la Ligue des Champions 2019

Cliquez ici pour prendre le quiz!

Statistiques générales

  • Ce quiz a été pris 403 fois
  • Le résultat moyen est 20 sur 28

Statistiques - réponses

Joueurs% Correct
M. Salah
98%
H. Lloris
97%
Alisson
96%
S. Mané
96%
V. Van Dijk
96%
H. Kane
95%
R. Firmino
93%
A. Robertson
90%
HM. Son
90%
J. Henderson
87%
J. Matip
84%
T. Alexander-Arnold
80%
L. Moura
78%
Fabinho
77%
D. Origi
74%
J. Milner
71%
J. Vertonghen
68%
M. Sissoko
62%
T. Alderweireld
58%
G. Wijnaldum
57%
D. Alli
56%
C. Eriksen
47%
E. Dier
46%
D. Rose
44%
K. Trippier
40%
J. Gomez
39%
F. Llorente
27%
H. Winks
26%

Distribution des résultats

Percentile par nombre de réponses

% des personnes avec chaque résultat

Votre développement - résultats

Vous n’avez pas pris ce quiz